[Event "AUTO-MASTER-3274"]
[Site "http://www.queenalice.com/game.php?id=1860615"]
[Date "2025.7.27"]
[Round "1"]
[White "jpribeiro"]
[Black "GabrielGabera"]
[Result "0-1"]
[WhiteElo "1876"]
[BlackElo "2062"]

1. e4 e5 2. Nf3 Nc6 3. c3 Nf6 4. d4 Nxe4 5. d5 Nb8 6. Nxe5 Bd6 7. Qd4 O-O 8. Be3
Re8 9. f4 Qh4+ 10. Kd1 Ng3 11. Nf3 Qh5 12. Rg1 Nf5 13. Qa4 Nxe3+ 14. Kc1 Nxd5
15. g4 Qh6 16. g5 Qe6 17. Nfd2 Qe3 18. Rg3 Qe1+ 19. Kc2 Bxf4 20. Rd3 Ne3+ 21.
Kb3 Qd1+ 22. Ka3 Nc2+ 23. Kb3 Nd4+ 24. Ka3 Bd6+ 25. b4 Qc1# 0-1

[Event "AUTO-MASTER-3274"]
[Site "http://www.queenalice.com/game.php?id=1860616"]
[Date "2025.7.27"]
[Round "1"]
[White "GabrielGabera"]
[Black "JailtonMaster"]
[Result "1-0"]
[WhiteElo "1989"]
[BlackElo "2046"]

1. e4 c5 2. Nf3 d6 3. d4 cxd4 4. Nxd4 Nf6 5. Nc3 a6 6. Bc4 e6 7. O-O Be7 8. Bb3
O-O 9. f4 Qc7 10. f5 e5 11. Nde2 Nc6 12. Nd5 Nxd5 13. Bxd5 b5 14. Be3 Bb7 15.
Ng3 Qd8 16. Qg4 Kh8 17. Nh5 Bf6 18. Nxf6 gxf6 19. Qh5 Na5 20. Bxb7 Nxb7 21. a3
Nc5 22. b4 Nxe4 23. Rf3 Rg8 24. Qh6 d5 25. Qxh7+ 1-0

[Event "AUTO-MASTER-3274"]
[Site "http://www.queenalice.com/game.php?id=1860617"]
[Date "2025.7.27"]
[Round "1"]
[White "JailtonMaster"]
[Black "GabrielGabera"]
[Result "0-1"]
[WhiteElo "2050"]
[BlackElo "1948"]

1. e4 e5 2. Nf3 Nc6 3. Bb5 a6 4. Ba4 b5 5. Bb3 Nf6 6. O-O Nxe4 7. Nxe5 Nxe5 8.
Re1 d5 9. d3 Bg4 10. f3 Bc5+ 11. Be3 Bxf3 12. gxf3 Bxe3+ 0-1

[Event "AUTO-MASTER-3274"]
[Site "http://www.queenalice.com/game.php?id=1860618"]
[Date "2025.7.27"]
[Round "1"]
[White "GabrielGabera"]
[Black "Pin"]
[Result "1-0"]
[WhiteElo "2085"]
[BlackElo "1963"]

1. e4 c5 2. Nf3 d6 3. d4 cxd4 4. Nxd4 Nf6 5. Nc3 a6 6. Be2 e5 7. Nb3 Be7 8. O-O
O-O 9. Be3 Be6 10. f4 exf4 11. Bxf4 Nc6 12. Kh1 Ne5 13. Nd4 Bd7 14. Nf5 Bxf5 15.
exf5 b5 16. Qd4 Qc7 17. Rfe1 Rfe8 18. a4 b4 19. Na2 a5 20. Bb5 Red8 21. c3 bxc3
22. Nxc3 h6 23. Rac1 Bf8 24. Nd5 Nxd5 25. Qxd5 Qe7 26. Bc6 Rac8 27. Bd2 Rc7 28.
Bxa5 Rdc8 29. Bxc7 Rxc7 30. Qd2 Qf6 31. Be4 Rxc1 32. Rxc1 Qh4 33. Qe1 Qxe1+ 34.
Rxe1 Be7 35. a5 Bd8 36. a6 Bb6 37. Rd1 Ng4 38. Rxd6 Be3 39. Rd8+ Kh7 40. Bd5 f6
41. Bg8+ Kh8 42. Bf7+ Kh7 43. Bg6# 1-0

[Event "AUTO-MASTER-3274"]
[Site "http://www.queenalice.com/game.php?id=1860619"]
[Date "2025.7.27"]
[Round "1"]
[White "Pin"]
[Black "GabrielGabera"]
[Result "0-1"]
[WhiteElo "2013"]
[BlackElo "2071"]

1. d4 d5 2. e3 Nf6 3. c4 e6 4. Nf3 c5 5. Nc3 Nc6 6. Be2 cxd4 7. exd4 Be7 8. O-O
O-O 9. Bf4 dxc4 10. Bxc4 a6 11. a3 b5 12. Bb3 Na5 13. Bc2 Nc4 14. Rb1 Bb7 15.
Ne5 Bd6 16. Qd3 h6 17. Ng4 Re8 18. Nxf6+ Qxf6 19. Qh7+ Kf8 20. Bg3 Bxg3 21. fxg3
Qxd4+ 22. Kh1 Nd2 23. Rbd1 Qe3 24. Rfe1 Qf2 25. Rg1 Red8 26. Qh8+ Ke7 27. Qxg7
Nf3 28. Rdf1 Qxc2 29. gxf3 Rd2 30. Qxh6 Qxb2 31. Ne4 Rxh2+ 32. Qxh2 Rh8 33. Qxh8
Qxh8+ 34. Kg2 Qb2+ 35. Rf2 Qxa3 36. Rd1 Bxe4 37. fxe4 Qe3 0-1

[Event "AUTO-ADV-4880"]
[Site "http://www.queenalice.com/game.php?id=1860667"]
[Date "2025.7.27"]
[Round "1"]
[White "GabrielGabera"]
[Black "pomar"]
[Result "1-0"]
[WhiteElo "2056"]
[BlackElo "1839"]

1. e4 e6 2. d4 d5 3. exd5 exd5 4. c4 Nf6 5. cxd5 Nxd5 6. Bc4 Bb4+ 7. Bd2 O-O 8.
Ne2 Bxd2+ 9. Qxd2 Be6 10. Bxd5 Bxd5 11. O-O Qf6 12. Re1 Nc6 13. Nbc3 Be6 14. d5
Rad8 15. Rad1 Ne7 16. Nf4 Bg4 17. f3 Bf5 18. Qd4 Qg5 19. Qxa7 Nc8 20. Qd4 Nd6
21. Re5 Qh6 22. g4 Bc8 23. Rh5 Qf6 24. Qxf6 gxf6 25. Re1 Rfe8 26. Kf2 b5 27. Ne4
Bb7 28. Nxf6+ Kg7 29. Nxe8+ Rxe8 30. Rxe8 Nxe8 31. Re5 Nd6 32. Re7 c6 33. Rd7
Nc4 34. Rxb7 cxd5 35. Rxb5 Kf6 36. b3 Nd6 37. Nxd5+ Ke5 38. Nc3+ Kd4 39. Ne2+
Kd3 40. Rd5+ 1-0

[Event "AUTO-ADV-4880"]
[Site "http://www.queenalice.com/game.php?id=1860668"]
[Date "2025.7.27"]
[Round "1"]
[White "pomar"]
[Black "GabrielGabera"]
[Result "0-1"]
[WhiteElo "1925"]
[BlackElo "2021"]

1. f3 e5 2. Kf2 Nc6 3. e3 Nf6 4. c4 d5 5. cxd5 Nxd5 6. Nc3 Nxc3 7. bxc3 Bd6 8.
Bc4 Qh4+ 9. g3 Qxc4 10. Ne2 O-O 11. d3 Qe6 12. d4 Qf6 13. d5 e4 14. f4 Nb4 15.
cxb4 Qxa1 16. Qc2 Bf5 17. Nd4 Bh3 18. Qxe4 Qxa2+ 19. Ke1 Bxb4+ 20. Kd1 Bg4+ 21.
Nf3 f5 22. Qe6+ Kh8 23. Rf1 Qb3+ 24. Ke2 Qc2+ 25. Bd2 Qxd2# 0-1

[Event "AUTO-ADV-4880"]
[Site "http://www.queenalice.com/game.php?id=1860669"]
[Date "2025.7.27"]
[Round "1"]
[White "GabrielGabera"]
[Black "dosoldini"]
[Result "1-0"]
[WhiteElo "1987"]
[BlackElo "1624"]

1. e4 e5 2. Nf3 Nc6 3. d4 Qf6 4. d5 Nd4 5. Nxd4 Bc5 6. Nf3 h6 7. Nc3 Qb6 8. Qd2
a6 9. Na4 Qd6 10. Nxc5 Qxc5 11. Nxe5 Nf6 12. Bd3 O-O 13. O-O d6 14. Nf3 Bg4 15.
Qe1 Rae8 16. Be3 Qxe3 17. Qxe3 Nxd5 18. Qa7 Nf4 19. Qxb7 Re6 20. Qxc7 Bxf3 21.
gxf3 Rg6+ 22. Kh1 Nh3 23. e5 Re6 24. exd6 1-0

[Event "AUTO-ADV-4880"]
[Site "http://www.queenalice.com/game.php?id=1860670"]
[Date "2025.7.27"]
[Round "1"]
[White "dosoldini"]
[Black "GabrielGabera"]
[Result "0-1"]
[WhiteElo "1635"]
[BlackElo "1968"]

1. e4 e5 2. Nf3 Nc6 3. c3 Nf6 4. a3 Nxe4 5. Qe2 Nc5 6. d4 Nb3 7. Ra2 Nxc1 8. Qc4
d5 9. Qa4 Nxa2 10. Nfd2 exd4 11. cxd4 Qe7+ 12. Be2 Nc1 13. Nc3 Bf5 14. O-O Nxe2+
15. Nxe2 Qxe2 16. Nf3 Qxb2 0-1

[Event "AUTO-ADV-4880"]
[Site "http://www.queenalice.com/game.php?id=1860671"]
[Date "2025.7.27"]
[Round "1"]
[White "GabrielGabera"]
[Black "Fauquinelle"]
[Result "1-0"]
[WhiteElo "2033"]
[BlackElo "1943"]

1. e4 e5 2. Nf3 Nc6 3. Bb5 a6 4. Ba4 Nf6 5. O-O b5 6. Bb3 Bc5 7. c3 O-O 8. d4
exd4 9. cxd4 Bb6 10. e5 Ne8 11. Bg5 Ne7 12. Qd3 d6 13. Qe2 Bg4 14. exd6 Bxf3 15.
Qxf3 Nxd6 16. Re1 Re8 17. Rxe7 Rxe7 18. Bxe7 Qe8 19. Nc3 Bxd4 20. Bxd6 cxd6 21.
Bxf7+ 1-0

[Event "AUTO-ADV-4880"]
[Site "http://www.queenalice.com/game.php?id=1860672"]
[Date "2025.7.27"]
[Round "1"]
[White "Fauquinelle"]
[Black "GabrielGabera"]
[Result "0-1"]
[WhiteElo "1931"]
[BlackElo "2045"]

1. d4 d5 2. c4 dxc4 3. Nf3 Nf6 4. e3 e6 5. Bxc4 c5 6. O-O a6 7. a4 Nc6 8. Nc3
Be7 9. d5 exd5 10. Nxd5 O-O 11. Nxe7+ Qxe7 12. Qc2 Be6 13. Bd2 Bxc4 14. Qxc4 Ne4
15. Rad1 Rad8 16. Bc1 Qe6 17. Nd2 Nxd2 18. Qxe6 Nf3+ 19. gxf3 fxe6 20. f4 b5 21.
axb5 axb5 22. b3 Na5 0-1

[Event "AUTO-OPEN-4606"]
[Site "http://www.queenalice.com/game.php?id=1860769"]
[Date "2025.7.29"]
[Round "1"]
[White "WoodpusherKid"]
[Black "GabrielGabera"]
[Result "1-0"]
[WhiteElo "2462"]
[BlackElo "2079"]

1. d4 d5 2. c4 e6 3. Nc3 Nf6 4. cxd5 exd5 5. Bg5 Be7 6. e3 c6 7. Bd3 Nbd7 8. Nf3
O-O 9. O-O Re8 10. Qc2 a6 11. h3 Nf8 12. Ne5 N6d7 13. Bxe7 Qxe7 14. f4 f6 15.
Ng4 h5 16. Nf2 Qxe3 17. Rfe1 Qxe1+ 18. Rxe1 Rxe1+ 19. Kh2 Nb6 20. f5 a5 21. Ne2
Ra1 22. Qc5 Nfd7 23. Qe7 Re1 24. Qd8+ Kf7 25. Nf4 Re8 26. Qc7 Na4 27. Nxh5 Rh8
28. Qg3 Rxh5 29. Qg6+ Kg8 30. Qxh5 Nxb2 31. Qe8+ Kh7 32. h4 Nb6 33. g4 Bd7 34.
Qf7 Nxd3 35. Nxd3 Rh8 36. g5 Be8 37. g6+ Kh6 38. Qe6 Nc4 39. Nf4 Bxg6 40. fxg6
Nd2 41. Qe2 Nf1+ 42. Qxf1 Re8 43. Qf3 Re5 44. dxe5 fxe5 45. Qh5# 1-0

[Event "AUTO-OPEN-4606"]
[Site "http://www.queenalice.com/game.php?id=1860770"]
[Date "2025.7.29"]
[Round "1"]
[White "GabrielGabera"]
[Black "WoodpusherKid"]
[Result "0-1"]
[WhiteElo "2044"]
[BlackElo "2555"]

1. e4 e5 2. Nf3 Nc6 3. d4 exd4 4. Bc4 Bb4+ 5. c3 dxc3 6. bxc3 Ba5 7. O-O Bb6 8.
Qd5 Qf6 9. Bg5 Qg6 10. Nh4 Qh5 11. Nf5 Qg6 12. Re1 d6 13. Nh4 Qe6 14. Bb5 Bd7
15. Nf5 Qg6 16. Nh4 Qe6 17. Nf5 Qg6 18. Nh4 Qe6 19. Nf5 Kf8 20. Qd2 h6 21. Be3
Nf6 22. f3 d5 23. Bxc6 Qxc6 24. Nd4 Qd6 25. Bf4 Qe7 26. exd5 Qc5 27. d6 cxd6 28.
Be3 Qc7 29. Bf2 Rc8 30. Nb3 d5 31. Bxb6 Qxb6+ 32. Nd4 Qd6 33. Qb2 b6 34. Nb5
Bxb5 35. Qxb5 Rc5 36. Qb4 a5 37. Qd4 Rc4 38. Qf2 g5 39. Re3 d4 40. Rd3 Kg7 41.
Nd2 Rxc3 42. Rxd4 Qc7 43. a4 Rc2 44. Rb1 Re8 45. Rd3 Rd8 46. Rxd8 Qxd8 47. Rd1
Qd3 48. Kh1 Qd7 49. Qe3 Qxa4 50. Qxb6 Qf4 51. Nf1 Rc1 52. Qd8 a4 53. Kg1 a3 54.
Qd2 Rxd1 55. Qxd1 Qb4 56. Qa1 Qb2 57. Qxb2 axb2 58. Nd2 h5 59. Nb1 h4 60. Kf2
Kg6 61. Ke2 g4 62. Kd3 Kf5 63. Nd2 gxf3 64. gxf3 Kf4 65. Kc2 Ke3 66. Nc4+ Kxf3
67. Ne5+ Kg2 68. Kxb2 Kxh2 69. Nf3+ Kg3 70. Nxh4 Kxh4 71. Kc3 Kg4 72. Kd3 Nh7
73. Ke3 f5 74. Kf2 f4 75. Kg2 f3+ 0-1

[Event "AUTO-OPEN-4606"]
[Site "http://www.queenalice.com/game.php?id=1860801"]
[Date "2025.7.29"]
[Round "1"]
[White "GabrielGabera"]
[Black "jpribeiro"]
[Result "1-0"]
[WhiteElo "2071"]
[BlackElo "1879"]

1. e4 c5 2. Nf3 d6 3. d4 cxd4 4. Nxd4 Nf6 5. Nc3 a6 6. Be2 b5 7. a3 g6 8. f4 e5
9. fxe5 dxe5 10. Nf3 Qxd1+ 11. Bxd1 b4 12. axb4 Bxb4 13. Nxe5 Nxe4 14. Bf3 f5
15. Bd2 Ra7 16. Nxe4 fxe4 17. Bxb4 exf3 18. O-O fxg2 19. Rfe1 Be6 20. Nf3 Nc6
21. Rxe6+ Kd7 22. Rd6+ Kc7 23. Bc5 Raa8 24. Ng5 Nd8 25. Re1 Kb7 26. Re7+ 1-0

[Event "AUTO-OPEN-4606"]
[Site "http://www.queenalice.com/game.php?id=1860802"]
[Date "2025.7.29"]
[Round "1"]
[White "jpribeiro"]
[Black "GabrielGabera"]
[Result "0-1"]
[WhiteElo "1873"]
[BlackElo "2063"]

1. e4 e5 2. Nf3 Nc6 3. c3 Nf6 4. Qa4 d6 5. d4 Bd7 6. Qc2 exd4 7. cxd4 Qe7 8. Nc3
Nb4 9. Qb3 Nxe4 10. Be3 c5 11. dxc5 dxc5 12. a3 Nxc3 13. bxc3 Nc6 14. O-O-O c4
15. Qxc4 Qxa3+ 16. Kc2 Be6 17. Qd3 Qa2+ 0-1